000 00663cam a2200241 a 4500
001 13055820
003 OSt
005 20240614121441.0
008 030113s2003 nyuab 001 0 eng
010 _a 2003100442
020 _a0716743612
035 _a(DLC) 2003100442
040 _aDDC
_cMUST
082 0 0 _a516 JAC 2003
_222
100 1 _aJacobs, Harold R.
_95324
245 1 0 _aGeometry /
_bseeing, doing, understanding
250 _a3rd ed.
260 _aNew York :
_bW.H. Freeman and Co.,
_cc2003.
300 _axv, 780 p. :
_bill. (some col.), col. maps ;
_c26 cm.
504 _aIncludes index.
650 0 _aGeometry.
_912062
942 _2ddc
_cO_SHELF
999 _c8474
_d8474